Central Library OPAC University of Rajshahi

Political socialization : (Record no. 32771)

MARC details
000 -LEADER
fixed length control field 00785nam a2200241 a 4500
001 - CONTROL NUMBER
control field 32771
003 - CONTROL NUMBER IDENTIFIER
rucl marc code BD-RjUL
005 - DATE AND TIME OF LATEST TRANSACTION
control field 20211209051906.0
008 - FIXED-LENGTH DATA ELEMENTS--GENERAL INFORMATION
fixed length control field 140428t19721959nyu 001 0 eng d
035 ## - SYSTEM CONTROL NUMBER
System control number (BD-RjUL)32861
040 ## - CATALOGING SOURCE
Original cataloging agency DLC
Transcribing agency DLC
Modifying agency BD-RjUL
Language of cataloging eng
041 ## - LANGUAGE CODE
Language code of text/sound track or separate title eng
082 ## - DEWEY DECIMAL CLASSIFICATION NUMBER
Classification number 320.019
Author mark and year HYP 1972
Edition number 23
100 1# - MAIN ENTRY--PERSONAL NAME
Personal name Hyman, Herbert Hiram
Dates associated with a name 1918-
9 (RLIN) 99648
245 10 - TITLE STATEMENT
Title Political socialization :
Remainder of title a study in the psychology of political behavior /
Statement of responsibility, etc. Herbert H. Hyman
250 ## - EDITION STATEMENT
Edition statement First Free Press paperback ed.
260 ## - PUBLICATION, DISTRIBUTION, ETC. (IMPRINT)
Place of publication, distribution, etc. New York :
Name of publisher, distributor, etc. The Free Press ;
Place of publication, distribution, etc. London :
Name of publisher, distributor, etc. Collier Macmillan,
Date of publication, distribution, etc. 1972.
300 ## - PHYSICAL DESCRIPTION
Pagination xi, [3], 140 p. ;
Size 20 .8 cm
504 ## - BIBLIOGRAPHY, ETC. NOTE
Bibliography, etc Includes index.
650 #0 - SUBJECT ADDED ENTRY--TOPICAL TERM
Topical term or geographic name as entry element Political psychology
9 (RLIN) 3579
Topical term or geographic name as entry element Political socialization
9 (RLIN) 99649
942 ## - ADDED ENTRY ELEMENTS (KOHA)
Source of classification or shelving scheme Dewey Decimal Classification
Koha item type Books
Holdings
Lost status Source of classification or shelving scheme Damaged status Not for loan Collection code Permanent Location Current Location Shelving location Date acquired Source of acquisition Cost, normal purchase price Total Checkouts Full call number Date last seen Copy number Koha item type
  Dewey Decimal Classification     Non-fiction Central Library, University of Rajshahi Central Library, University of Rajshahi   05/07/1976 USIS 0.00   320.019 HYP 1972 28/04/2014 C-3 Books
  Dewey Decimal Classification     Non-fiction Central Library, University of Rajshahi Central Library, University of Rajshahi   08/06/1977 WUS 0.00   320.019 HYP 1969 29/04/2014 C-4 Books
  Dewey Decimal Classification     Non-fiction Central Library, University of Rajshahi Central Library, University of Rajshahi   05/07/1976 O.S.I.S     320.019 HYP 1972 30/07/2016 C-2 Books